000 00876cam a22002295i 4500
001 19586508
005 20250320141127.0
008 170405t20182018nyua j 000 0 eng
020 _a9780062687760 (hardcover)
050 0 0 _aBF723.M37
_bO78 2018
082 0 0 _a155.4/1912
_223
100 1 _aOrtner, Nick,
_d1978-
_eauthor.
245 1 0 _aMy magic breath :
_bfinding calm through mindful breathing /
_cwritten by Nick Ortner and Alison Taylor ; pictures by Michelle Polizzi.
250 _aFirst edition.
300 _a1 volume (unpaged) :
_bcolor illustrations ;
_c24 cm
650 0 _aMeditation for children.
650 0 _aBreathing exercises
_vJuvenile literature.
650 0 _aMindfulness (Psychology)
_vJuvenile literature.
700 1 _aTaylor, Alison
_c(Author at Hay House (Organization)),
_eauthor.
700 1 _aPolizzi, Michelle,
_eillustrator.
942 _2lcc
_cBK
_n0
999 _c5013
_d5013